| 000 | 00000nam##2200000za#4500 |
| 001 | 9.573940 |
| 003 | CaOODSP |
| 005 | 20210624183937 |
| 007 | cr ||||||||||| |
| 008 | 150406|2000||||xxc|||||o f|0| 0 eng|d |
| 040 | |aCaOODSP|beng |
| 043 | |an-cn--- |
| 086 | 1 |aH42-2/67-16-1999E-PDF |
| 110 | 1 |aCanada.|bHealth Canada. |bTherapeutic Products Programme. |
| 245 | 10|aGenotoxicity : |h[electronic resource]|ba standard battery for genotoxicity testing of pharmaceuticals |
| 260 | |aOttawa - Ontario : |bHealth Canada. |cc2000. |
| 300 | |a16p.|bglossary |
| 490 | 1 |aGuidance for industry|vICH topic S2B |
| 500 | |aThe catalogue number (H42-2/67-16-1999E) and ISBN (ISBN 0-662-28443-7) for the print edition have been incorrectly copied in this electronic publication. |
| 590 | |a12-21-Supp|b2012-05-18 |
| 690 | 07|aTesting|2gcpds |
| 690 | 07|aToxicology|2gcpds |
| 690 | 07|aDrugs|2gcpds |
| 775 | 08|tGénotoxicité : |w(CaOODSP)9.603910 |
| 776 | 0#|tGenotoxicity: a standard battery for genotoxicity testing of pharmaceuticals |w(CaOODSP)9.615044 |
| 830 | #0|aGuidance for industry ;|vICH topic S2B|w(CaOODSP)9.506921 |
| 856 | 40|ahttp://publications.gc.ca|qPDF|s55 KB|uhttps://publications.gc.ca/collections/Collection/H42-2-67-16-1999E.pdf|yICH topic S2B |